Mapa de los climas del mundo - Estadísticas

Estadísticas generales
  • Esta prueba ha sido intentada 308 veces
  • La puntuación promedio es 6 de 8
Respuestas en el mapa
Las respuestas están codificadas por una escala verde-roja en el mapa de la prueba según el % correcto abajo.
 
Estadísticas de respuestas
Respuesta % Correcto
polar
82%
mediterráneo
79%
de montaña
78%
árido
73%
continental
70%
ecuatorial
65%
oceánico
60%
tropical
57%
No se encontraron pruebas coincidentes
Distribución de puntuación
Porcentaje de gente con cada puntuación
Porcentaje por número respondido
Historial de tus puntuaciones
No has intentado esta prueba.